Sistema del derecho romano actual
Saved in:
| Hovedforfatter: | |
|---|---|
| Format: | Bog |
| Sprog: | spansk |
| Udgivet: |
Madrid
F. Góngora
1879
|
| Fag: | |
| Tags: |
Tilføj Tag
Ingen Tags, Vær først til at tagge denne postø!
|
MARC
| LEADER | 00000nam a2200000 a 4500 | ||
|---|---|---|---|
| 001 | UCS2810 | ||
| 003 | CL-VaPUC | ||
| 008 | 970606e18790000SP |||||||||||||||||spa|d | ||
| 082 | 0 | 4 | |a 340.5402 |b SAV |2 21 |
| 100 | 0 | |a Savigny, Friedrich Karl von |e author |9 388649 | |
| 245 | 1 | 0 | |a Sistema del derecho romano actual |
| 300 | |a v | ||
| 942 | |c BK | ||
| 945 | |d 19970606 00:00:00 |a lriquelm | ||
| 260 | |a Madrid |b F. Góngora |c 1879 | ||
| 650 | 0 | |a Derecho romano |9 255930 | |
| 650 | 7 | |a DERECHO PENAL |2 CL-VaPUC |9 11 | |
| 650 | 7 | |a CONDENA |2 CL-VaPUC |9 383413 | |
| 650 | 0 | |a Cosa juzgada |9 255091 | |
| 650 | 7 | |a OBJETO ACTOS JURIDICOS |2 CL-VaPUC |9 388650 | |
| 650 | 0 | |a Confesión (Derecho) |9 388651 | |
| 583 | |a last modification |c 20190723 10:00:22 |k Rodrigo Vera | ||
| 999 | |c 260741 |d 260739 | ||
| 952 | |0 0 |1 0 |4 0 |6 340_540200000000000_SAV_1879 |7 0 |8 X |9 287050 |a BIBDER |b BIBDER |d 2019-11-19 |h v.5 |i 1859005 |o 340.5402 SAV 1879 |p 1859005 |r 2023-01-25 |w 2019-11-19 |y BK_X |k DER | ||
| 952 | |0 0 |1 0 |4 0 |6 340_540200000000000_SAV_1879 |7 0 |8 X |9 287051 |a BIBDER |b BIBDER |d 2019-11-19 |h v.3 |i 195198K |o 340.5402 SAV 1879 |p 195198K |r 2023-01-25 |w 2019-11-19 |y BK_X |k DER | ||